| 000 | 00924cab a2200325 4500 | ||
|---|---|---|---|
| 001 | ABS56688 | ||
| 008 | 090401t1997 xxu||||| |||| 00| 0 eng d | ||
| 035 | _a(Sirsi) u77148 | ||
| 041 | _aeng | ||
| 245 | _aFocus `97 : Wales | ||
| 260 | _c1997 | ||
| 350 | _a0 | ||
| 490 |
_aEstates Gazette _v(9709) 1 March 1997, 97-144(15) |
||
| 650 | _aCARDIFF BAY | ||
| 650 | _aCARDIFF | ||
| 650 | _aINDUSTRIAL MARKET | ||
| 650 | _aINWARD INVESTMENT | ||
| 650 | _aLEISURE MARKET | ||
| 650 | _aLLANELLI | ||
| 650 | _aNORTH WALES | ||
| 650 | _aPROPERTY-COMMERCIAL PROPERTY-OFFICE PROPERTY-OFFICE PROPERTY MARKET | ||
| 650 | _aPROPERTY-COMMERCIAL PROPERTY-RETAIL PROPERTY-RETAIL PROPERTY MARKET | ||
| 650 | _aSOUTH WALES | ||
| 650 | _aSWANSEA | ||
| 650 | _aWELSH DEVELOPMENT AGENCY | ||
| 650 | _aWREXHAM | ||
| 690 | _aPROPERTY-COMMERCIAL PROPERTY-COMMERCIAL PROPERTY MARKET | ||
| 942 | _n0 | ||
| 948 | _c17/03/1997 | ||
| 999 |
_c48490 _d48490 |
||